| 000 | 00428nam a2200145Ia 4500 | ||
|---|---|---|---|
| 008 | 211109s9999||||xx |||||||||||||| ||und|| | ||
| 082 |
_a828 _bGEO-C |
||
| 100 | _aGeorge, Gascoigne | ||
| 245 | 0 | _aCertayne Notes of Instruction in English Verse | |
| 260 |
_bNATIONAL BOOKSTALL _aKottayam _c1901 |
||
| 300 | _a119p. | ||
| 630 | _xGeneral Stack | ||
| 650 |
_aEnglish Litertaure _vEnglish Miscelleneous Writings _xEnglish |
||
| 942 | _cBOOK | ||
| 999 |
_c303 _d303 |
||